Statistisches Jahrbuch 1993 Fürstentum Liechtenstein

Guardado en:
Detalles Bibliográficos
Formato: Libro
Lenguaje:alemán
Publicado: Vaduz Amt für Volkswirtschaft 1994
Materias:
Etiquetas: Agregar Etiqueta
Sin Etiquetas, Sea el primero en etiquetar este registro!

MARC

LEADER 00000nam a2200000 4500
001 c005287
005 20251217121212.3
041 0 |a ger 
044 |a DE 
245 1 0 |a Statistisches Jahrbuch 1993  |b Fürstentum Liechtenstein 
264 1 |a Vaduz  |b Amt für Volkswirtschaft  |c 1994 
300 |a 369 s. 
610 2 0 |a Lichtenštajnsko